00503nam a22001697a 4500003000400000008004100004082001700045100001900062245010600081260006800187300001000255502001700265650001700282650001200299650001100311650001100322OSt260430b |||||||| |||| 00| 0 eng d a634.44bS16E aSaurabh Ranjan aEffect of Seasonal Variation on Some Commercial Techniques of Mango Propagation / cby Saurabh Ranjan a.- Sabour, Bhagalpurb: Bihar Agricultural College, RAUc, 1996 a114p. bPh. D.d1996 aHorticulture aMangoes aThesis aPh. D.